<?xml version="1.0" encoding="UTF-8"?>
<record
    xmlns:xsi="http://www.w3.org/2001/XMLSchema-instance"
    xsi:schemaLocation="http://www.loc.gov/MARC21/slim http://www.loc.gov/standards/marcxml/schema/MARC21slim.xsd"
    xmlns="http://www.loc.gov/MARC21/slim">

  <leader>00894cam a22002531  4500</leader>
  <controlfield tag="001">he 66000295 </controlfield>
  <controlfield tag="003">DLC</controlfield>
  <controlfield tag="005">20260227111436.0</controlfield>
  <controlfield tag="008">840125s1962    is            000 0 heb  </controlfield>
  <datafield tag="010" ind1=" " ind2=" ">
    <subfield code="a">he 66000295 </subfield>
  </datafield>
  <datafield tag="035" ind1=" " ind2=" ">
    <subfield code="a">(OCoLC)19162168</subfield>
  </datafield>
  <datafield tag="040" ind1=" " ind2=" ">
    <subfield code="a">DLC</subfield>
    <subfield code="c">MH</subfield>
    <subfield code="d">DLC</subfield>
  </datafield>
  <datafield tag="042" ind1=" " ind2=" ">
    <subfield code="a">premarc</subfield>
  </datafield>
  <datafield tag="050" ind1="0" ind2="0">
    <subfield code="a">BM506.T23</subfield>
    <subfield code="b">I8 1962</subfield>
  </datafield>
  <datafield tag="100" ind1="0" ind2=" ">
    <subfield code="a">Isaiah ben Mali,</subfield>
    <subfield code="c">di Trani,</subfield>
    <subfield code="d">approximately 1200-</subfield>
  </datafield>
  <datafield tag="245" ind1="1" ind2="0">
    <subfield code="a">Tosfot u-fis&#x1E33;e Rid :</subfield>
    <subfield code="b">...&#x2BB;al masekhet Ta&#x2BB;anit /</subfield>
    <subfield code="c">...me-et Nisan Me&#x2BC;ir Fayvel Za&#x1E33;&#x15B;.</subfield>
  </datafield>
  <datafield tag="260" ind1=" " ind2=" ">
    <subfield code="a">Jerusalem :</subfield>
    <subfield code="b">Yotse la-or be-siyu&#x2BB;a Ma&#x2BB;yan ha-&#x1E25;okhmah,</subfield>
    <subfield code="c">723 [1962 or 1963]</subfield>
  </datafield>
  <datafield tag="300" ind1=" " ind2=" ">
    <subfield code="a">20, 60 p. ;</subfield>
    <subfield code="c">24 cm.</subfield>
  </datafield>
  <datafield tag="500" ind1=" " ind2=" ">
    <subfield code="a">Tosfot Rid and Pis&#x1E33;e Rid have special title pages.</subfield>
  </datafield>
  <datafield tag="630" ind1="0" ind2="0">
    <subfield code="a">Talmud.</subfield>
    <subfield code="p">Ta&#x2BB;anit</subfield>
    <subfield code="x">Commentaries.</subfield>
  </datafield>
  <datafield tag="700" ind1="1" ind2=" ">
    <subfield code="a">Sachs, Nissan,</subfield>
    <subfield code="e">ed.</subfield>
  </datafield>
  <datafield tag="700" ind1="0" ind2=" ">
    <subfield code="a">Isaiah ben Mali,</subfield>
    <subfield code="c">di Trani,</subfield>
    <subfield code="d">approximately 1200-</subfield>
    <subfield code="t">Piske Rid.</subfield>
  </datafield>
  <datafield tag="752" ind1=" " ind2=" ">
    <subfield code="a">Israel</subfield>
    <subfield code="d">Jerusalem</subfield>
  </datafield>
  <datafield tag="999" ind1=" " ind2=" ">
    <subfield code="c">31520</subfield>
    <subfield code="d">31520</subfield>
  </datafield>
</record>
